000
00206 a2200097 4500
001
18344
100
_a
Shah, I
245
_a
Exploits of the incomparable
260
_a
_b
Pan books
_c
090
_c
13628
_d
13628
942
_a
NUST-CAE
_c
M
_c
4034
999
_c
253417
_d
253417